000 00693nam a22002417a 4500
003 UA-OsUOA
001 75349
007 ta
008 20110518b un ||||| |||| 00| 0 ukr d
100 _aКоцюбинська М.Х.
090 _a821.161.2
_bК75
942 _cBK
040 _aUA-OsUOA
_bukr
_cUA-OsUOA
_dUA-OsUOA
245 _aЛисти і люди: роздуми про епістолярну творчість
300 _a584 с.
955 _a3
041 _aukr
080 _a821.161.2
020 _a978-966-378-129-7
260 _aК.
_bДух і літера
_c2009
650 7 _a82 Література. Літературознавство
_2UDC
999 _c361647
_d361647